000 00867nam a2200265Ia 4500
003 OSt
005 20220927110900.0
006 a|||||r|||| 00| 0
007 ta
008 220926b |||||||| |||| 00| 0 eng d
024 _a89024
037 _cReports
040 _aRTL
_cRTL
_beng
041 _2eng
_aeng
082 _a"X9(D3)p1,N70, L2/UN"
110 _aUnited Nations
111 _aInterregional seminar on the financing of housing and urban development (1970 : Copenhagen)
_9380868
245 0 _aReport of the international Seminar on the Financing of Housing and urban Development
_b" Copenhagen, Denmark, 1970"
260 _aNew
_bYork United Nations U. S. A.
_c1972
300 _a"iii, 94p."
_ccm.
650 _aHousing Industry
700 _aUnited Nations
942 _h"X9(D3)p1,N70, L2/UN"
_cCC
999 _c698316
_d698316